000 01169nam a2200325 i 4500
001 000019273
003 DO-SdBNP
005 20240312122834.0
007 ta
008 100531m1897 sp 000 m spa d
040 _aDO-SdBNP
_bspa
_cBNPHU
_erda
049 _aBNGR
082 4 _a885.1
_bC485 obr
_222
100 1 _aCicerón, Marcus Tullius,
_d106 a.C.-43 a.C.
_941462
245 1 0 _aObras completas de Marco Tulio Cicerón /
_cMarco Tulio Cicerón ; traducción, Díaz Tendero, Fernández Llera y Calvo.
264 _aMadrid :
_bLibrería de Hernando,
_c1897
300 _avolumenes ;
_c18 cm.
336 _2rdacontent
_atexto
_btxt
337 _2rdamedia
_asin mediación
_bn
338 _2rdacarrier
_avolumen
_bnc
490 1 _aBiblioteca clásica
_v202,14,203,26,204,59,206,55,207,73,210,75,77,79,83,86.
500 _aIncluye referencias biográficas y notas al pie de las páginas.
590 _aInventariado, 2024/BT
650 0 _aLiteratura Latinoamericana
_98781
700 1 _aTendero, Díaz,
_etraducción
_941463
700 1 _aLlera y Calvo, Fernández,
_etraducción
_941464
830 _aBibliot
_941465
910 _aBtavárez
942 _2ddc
_cLBS1
999 _c18791
_d18791